000
00282nam a2200121Ia 4500
008
190216s9999||||xx |||||||||||||| ||und||
100
_a
Mahendra R Awode
245
0
_a
Quantum Chemistry
260
_b
S Chand & Co
_c
2002
300
_a
293p
650
_a
Quantum Chemistry
942
_c
BK
999
_c
3121
_d
3121